Wird geladen...
The chemistry of Yttrium and scandium
| 1. Verfasser: | |
|---|---|
| Format: | Printed Book |
| Veröffentlicht: |
Pergamon Press
1961
|
| LEADER | 00321nam a22000977a 4500 | ||
|---|---|---|---|
| 100 | |a Vickery, R C | ||
| 245 | |a The chemistry of Yttrium and scandium |c R C Vickery | ||
| 260 | |b Pergamon Press |c 1961 |9 1664 | ||
| 942 | |c BK | ||
| 999 | |c 118030 |d 118030 | ||
| 952 | |0 0 |1 0 |4 0 |7 0 |9 128674 |a CHE |b CHE |c ST1 |d 2010-09-28 |i 125 |l 0 |p CHE125 |r 2013-03-02 |w 2013-03-02 |y BK | ||